[Event "It (Open) Dos Hermanas ESP"]
[Site "?"]
[Date "2006.03.24"]
[Round "2"]
[White "Zhang Pengxiang"]
[Black "Jobava Baadur"]
[Result "1-0"]
[WhiteElo "2638"]
[BlackElo "2614"]
[PlyCount "143"]
[EventDate "2006.??.??"]
[Source "www.chesslib.no"]
[SourceDate "2004.05.04"]

1. e4 c5 2. Nf3 d6 3. d4 cxd4 4. Nxd4 Nf6 5. Nc3 a6 6. g3 g6 7. Bg2 Bg7 8. O-O O-O 9. h3 Bd7 10. Be3 Nc6 11. Qd2 Rc8 12. Rad1 Qc7 13. Nxc6 Bxc6 14. Bh6 Bxh6 15. Qxh6 b5 16. a3 a5 17. Rd2 b4 18. axb4 axb4 19. Nd5 Bxd5 20. exd5 Qb6 21. Re1 Rc7 22. Rde2 Qb7 23. Qd2 Rfc8 24. h4 Rxc2 25. Qxc2 Rxc2 26. Rxc2 Nxd5 27. Rd2 e6 28. Bxd5 exd5 29. Red1 Qc6 30. Rxd5 Qc2 31. R1d2 Qc1+ 32. Kg2 h5 33. Rxd6 b3 34. R6d3 Qc6+ 35. Kg1 Qc1+ 36. Kh2 Kg7 37. Re2 Qc4 38. Red2 Qc1 39. Kg2 Qc6+ 40. Kf1 Qc1+ 41. Ke2 Qc4 42. Ke3 Qc5+ 43. Kf3 Qc6+ 44. Ke2 Qc4 45. Kd1 Qg4+ 46. Kc1 Qc4+ 47. Kd1 Qg4+ 48. Ke1 Qe4+ 49. Re3 Qc4 50. Red3 Qe4+ 51. Kf1 Qh1+ 52. Ke2 Qe4+ 53. Re3 Qc4+ 54. Kf3 Qc6+ 55. Ke2 Qc4+ 56. Rdd3 Qc2+ 57. Kf3 Qc6+ 58. Ke2 Qc2+ 59. Kf1 Qxb2 60. Rxb3 Qc1+ 61. Kg2 Qc6+ 62. Kh2 Qc2 63. Rf3 Qd1 64. Rbd3 Qe2 65. Rde3 Qd1 66. Kg2 Qd5 67. Re7 Kh6 68. Rexf7 Qc6 69. Kh2 Qd5 70. Rf8 Qd4 71. R3f7 Qb2 72. Re8 1-0

[Event "Corr"]
[Site "?"]
[Date "1999.06.30"]
[Round "?"]
[White "Volchok Alexander"]
[Black "Maliangkay Rudolf J.(NED)"]
[Result "1/2-1/2"]
[WhiteElo "2602"]
[BlackElo "2618"]
[PlyCount "79"]
[EventDate "1999.??.??"]
[Source "www.chesslib.no"]
[SourceDate "2004.05.04"]

1. e4 c5 2. Nf3 d6 3. d4 cxd4 4. Nxd4 Nf6 5. Nc3 a6 6. g3 e5 7. Nde2 b5 8. Bg2 Bb7 9. a3 Nbd7 10. h3 Nc5 11. Bg5 Be7 12. Bxf6 Bxf6 13. O-O O-O 14. Nd5 Na4 15. Nxf6+ Qxf6 16. b3 Nc5 17. Nc3 Qg6 18. Nd5 Rae8 19. Qg4 Qxg4 20. hxg4 Bxd5 21. exd5 Rc8 22. Rfc1 Rc7 23. g5 f6 24. gxf6 gxf6 25. Rab1 a5 26. Re1 b4 27. axb4 axb4 28. Ra1 f5 29. Ra5 Rb7 30. Rea1 f4 31. gxf4 Rxf4 32. Ra8+ Rf8 33. Kf1 Rxa8 34. Rxa8+ Kf7 35. Bh3 e4 36. Bc8 Rc7 37. Rb8 Kf6 38. Bh3 Rb7 39. Re8 Re7 40. Rb8 1/2-1/2

[Event "Alekhine Memorial GM"]
[Site "Alekhine Memorial GM"]
[Date "1991.??.??"]
[Round "?"]
[White "Omelchenko, Lev Yevgenievich"]
[Black "Sanakoev, Grigory Konstan'ch"]
[Result "1/2-1/2"]
[WhiteElo "2570"]
[BlackElo "2595"]
[PlyCount "42"]
[EventDate "1991.??.??"]
[Source "www.chesslib.no"]
[SourceDate "2004.05.04"]

1. e4 c5 2. Nf3 d6 3. d4 cxd4 4. Nxd4 Nf6 5. Nc3 a6 6. g3 e5 7. Nde2 Be7 8. Bg2 b5 9. O-O Nbd7 10. h3 Bb7 11. g4 b4 12. Nd5 Nxd5 13. exd5 h5 14. gxh5 Rxh5 15. Ng3 Rh7 16. a3 bxa3 17. Rxa3 g6 18. f4 f5 19. fxe5 Nxe5 20. Ne2 Bf6 21. Rb3 Qc8 1/2-1/2

[Event "Stratton Mountain 88/231"]
[Site "?"]
[Date "2003.??.??"]
[Round "?"]
[White "Ivanov, Alexa"]
[Black "Shabalov, A."]
[Result "1-0"]
[WhiteElo "2539"]
[BlackElo "2592"]
[PlyCount "53"]
[EventDate "2003.??.??"]
[Source "Chess Informant"]
[SourceDate "2003.06.01"]

1. e4 c5 2. Nf3 d6 3. d4 cxd4 4. Nxd4 Nf6 5. Nc3 a6 6. g3 e5 7. Nde2 Nbd7 8. a4 b6 9. Nd5 Nc5 10. Nxf6+ gxf6 11. Nc3 Bb7 12. Nd5 Nxe4 13. Be3 Nc5 14. b4 Nd7 15. Bh3 Bg7 16. c4 Kf8 17. Bf5 Rb8 18. O-O Kg8 19. h4 h5 20. Ra2 Ba8 21. Rd2 e4 22. Bxd7 Qxd7 23. Nxb6 Qc7 24. Rxd6 Bc6 25. b5 axb5 26. cxb5 Be8 27. Nd7 1-0

[Event "Rostov on Don tt"]
[Site "?"]
[Date "1980.??.??"]
[Round "?"]
[White "Kholmov Ratmir D"]
[Black "Tseshkovsky Vitaly"]
[Result "1-0"]
[WhiteElo "2535"]
[BlackElo "2595"]
[PlyCount "85"]
[EventDate "1980.??.??"]
[Source "www.chesslib.no"]
[SourceDate "2004.05.04"]

1. e4 c5 2. Nf3 d6 3. d4 cxd4 4. Nxd4 Nf6 5. Nc3 a6 6. g3 e5 7. Nde2 Be7 8. Bg2 b5 9. a4 bxa4 10. Nxa4 Bb7 11. Nec3 Nbd7 12. O-O O-O 13. Be3 Rc8 14. Qe2 Qc7 15. b3 Rfd8 16. Rfd1 Bc6 17. Qxa6 Bxa4 18. Nxa4 Qxc2 19. Rdc1 Ra8 20. Qb5 Rab8 21. Nb6 Qb2 22. Rab1 Qa2 23. Qa4 Qe2 24. Nxd7 Rxd7 25. b4 Rdb7 26. b5 Nd7 27. Rc2 Qg4 28. Rc6 Nc5 29. Bxc5 dxc5 30. Bf1 h5 31. Qc2 h4 32. Kg2 g6 33. Be2 Qg5 34. Rd1 Kg7 35. Qc3 f6 36. Qa5 f5 37. Rc7 h3+ 38. Kxh3 fxe4 39. Kg2 Qf5 40. h3 Rf8 41. Rf1 Rxc7 42. Qxc7 Qe6 43. b6 1-0

[Event "Moscow RUS"]
[Site "?"]
[Date "2005.02.16"]
[Round "2"]
[White "Ivanov Alexander"]
[Black "L'Ami Erwin"]
[Result "1-0"]
[WhiteElo "2590"]
[BlackElo "2531"]
[PlyCount "83"]
[EventDate "2005.??.??"]
[Source "www.chesslib.no"]
[SourceDate "2004.05.04"]

1. e4 c5 2. Nf3 d6 3. d4 cxd4 4. Nxd4 Nf6 5. Nc3 a6 6. g3 e5 7. Nb3 Nbd7 8. a4 b6 9. Bg2 Be7 10. O-O Bb7 11. Re1 O-O 12. Nd2 Rc8 13. Nf1 Rxc3 14. bxc3 Nc5 15. Nd2 Bc6 16. a5 bxa5 17. Ba3 Nb7 18. Nc4 Qc7 19. Ne3 Rd8 20. Qd3 Qb6 21. Reb1 Qa7 22. Qc4 Bb5 23. Qa2 Bc6 24. Qb2 Nd7 25. c4 Nbc5 26. Nd5 Bxd5 27. cxd5 h5 28. Qc3 Rb8 29. Rxb8+ Qxb8 30. Qf3 g6 31. Bh3 Qb5 32. Bxd7 Nxd7 33. Qd3 Nb6 34. Qxb5 axb5 35. Bc1 Na4 36. c4 Nc3 37. cxb5 Nxb5 38. Bd2 f5 39. exf5 gxf5 40. Rxa5 Nd4 41. Kg2 h4 42. Bc3 1-0

[Event "Natick, MA"]
[Site "?"]
[Date "2000.04.09"]
[Round "3"]
[White "Ivanov Alexander"]
[Black "Kelleher William"]
[Result "1/2-1/2"]
[WhiteElo "2649"]
[BlackElo "2458"]
[PlyCount "41"]
[EventDate "2000.??.??"]
[Source "www.chesslib.no"]
[SourceDate "2004.05.04"]

1. e4 c5 2. Nf3 d6 3. d4 cxd4 4. Nxd4 Nf6 5. Nc3 a6 6. g3 e5 7. Nde2 b5 8. Bg5 Nbd7 9. Nd5 Be7 10. Nxe7 Qxe7 11. Nc3 Bb7 12. Bh3 Nb6 13. a4 b4 14. Nd5 Nbxd5 15. exd5 h6 16. Bxf6 Qxf6 17. a5 O-O 18. O-O Bc8 19. Bxc8 Rfxc8 20. Ra4 Rab8 21. Qd2 1/2-1/2

[Event "USA-ch"]
[Site "Chicago"]
[Date "1974.??.??"]
[Round "11"]
[White "Browne, Walter S"]
[Black "Evans, Larry Melvyn"]
[Result "1/2-1/2"]
[WhiteElo "2575"]
[BlackElo "2525"]
[PlyCount "43"]
[EventDate "1974.??.??"]
[Source "ChessBase"]

1. e4 c5 2. Nf3 e6 3. Nc3 a6 4. d4 cxd4 5. Nxd4 d6 6. g3 b5 7. Bg2 Bb7 8. O-O Nf6 9. Re1 Qc7 10. Nd5 exd5 11. exd5+ Kd8 12. Bg5 Nbd7 13. a4 h6 14. Bxf6+ Nxf6 15. axb5 axb5 16. Rxa8+ Bxa8 17. Qa1 Bb7 18. Nc6+ Bxc6 19. dxc6 d5 20. Qa8+ Qc8 21. Qa5+ Qc7 22. Qa8+ 1/2-1/2